Bách khoa thư các khoa học triết học sách tham khảo Tập 1 Khoa học Lôgich
Enregistré dans:
| Auteur principal: | |
|---|---|
| Autres auteurs: | |
| Format: | Livre |
| Publié: |
Hà Nội
Chính trị Quốc gia
2013
|
| Sujets: | |
| Tags: |
Ajouter un tag
Pas de tags, Soyez le premier à ajouter un tag!
|
| Thư viện lưu trữ: | Trung tâm Học liệu Lê Vũ Hùng, Trường Đại học Đồng Tháp |
|---|
| LEADER | 00969pam a22003258a 4500 | ||
|---|---|---|---|
| 001 | 00035271 | ||
| 005 | 20171026081025.0 | ||
| 008 | 161130s2013 ||||||Viesd | ||
| 020 | # | # | |c 117000 |
| 041 | 0 | # | |a Vie |
| 082 | 1 | 4 | |a 160 |b B102KH |
| 100 | 1 | # | |a G.W.F. Hegel |
| 245 | 1 | 0 | |a Bách khoa thư các khoa học triết học |c G.W.F. Hegel; Phạm Chiến Khu dịch |b sách tham khảo |n Tập 1 |p Khoa học Lôgich |
| 260 | # | # | |a Hà Nội |b Chính trị Quốc gia |c 2013 |
| 300 | # | # | |a 592 tr. |c 21 cm. |
| 653 | # | # | |a Logic |
| 653 | # | # | |a Sách tham khảo |
| 653 | # | # | |a Việt Nam |
| 653 | # | # | |a Triết học |
| 700 | 1 | # | |a Phạm, Chiến Khu |
| 852 | # | # | |b Kho mượn |j KM.0019833 |
| 852 | # | # | |j KD.0018957 |j KM.0019833 |
| 852 | # | # | |b Kho đọc |j KD.0018957 |
| 910 | |d 30/11/2016 | ||
| 980 | # | # | |a Trung tâm Học liệu Lê Vũ Hùng, Trường Đại học Đồng Tháp |